| 000 | 00775cam a22002413a 4500 | ||
|---|---|---|---|
| 001 | 23486 | ||
| 003 | PGUSA | ||
| 005 | 20140828083512.0 | ||
| 008 | 071115s2007||||xxu|||||s|||||000 p eng d | ||
| 040 |
_aPGUSA _beng |
||
| 042 | _adc | ||
| 050 | 4 | _aPQ | |
| 100 | 1 |
_aCastelo Branco, Camilo, _d1825-1890 |
|
| 245 | 1 | 0 |
_aFolhas cahidas, apanhadas na lama por um antigo juiz das almas de Campanhan _h[electronic resource] / _cCamilo Castelo Branco |
| 260 |
_bProject Gutenberg, _c2007 |
||
| 506 | _aPublic domain in the USA. | ||
| 516 | _aElectronic text | ||
| 653 | _aPoetry | ||
| 740 | 0 | _aFolhas caídas, apanhadas na lama por um antigo juiz das almas de Campanhã | |
| 830 | 0 |
_aProject Gutenberg _v23486 |
|
| 856 | 4 | 0 | _uhttp://www.gutenberg.org/ebooks/23486 |
| 942 | _cEB | ||
| 999 |
_c252741 _d252741 |
||